00173nam a2200061Ia 4500008004100000100001900041245005100060120527s9999 xx 000 0 und d aEroschenko, P. aAtlas of Histology with functional correlation